At what cost? How Ghana is losing out in fishing arrangements with China's distant water fleet (Periodical) (Record no. 5892)
[ view plain ]
| 000 -LEADER | |
|---|---|
| fixed length control field | 00614nam a22001697a 4500 |
| 003 - CONTROL NUMBER IDENTIFIER | |
| control field | OSt |
| 005 - DATE AND TIME OF LATEST TRANSACTION | |
| control field | 20260115112734.0 |
| 008 - FIXED-LENGTH DATA ELEMENTS--GENERAL INFORMATION | |
| fixed length control field | 260115b |||||||| |||| 00| 0 eng d |
| 041 ## - LANGUAGE CODE | |
| Language code of text/sound track or separate title | English |
| 082 ## - DEWEY DECIMAL CLASSIFICATION NUMBER | |
| Classification number | PER/EJF/21 Acc No.105 |
| 110 ## - MAIN ENTRY--CORPORATE NAME | |
| Corporate name or jurisdiction name as entry element | Environment Justice Foundation |
| 245 ## - TITLE STATEMENT | |
| Title | At what cost? How Ghana is losing out in fishing arrangements with China's distant water fleet (Periodical) |
| 260 ## - PUBLICATION, DISTRIBUTION, ETC. | |
| Place of publication, distribution, etc. | Accra: |
| Name of publisher, distributor, etc. | Environmental Justice Foundation, |
| Date of publication, distribution, etc. | 2021. |
| 300 ## - PHYSICAL DESCRIPTION | |
| Extent | 47p.: pics, tabs, graph |
| 653 ## - INDEX TERM--UNCONTROLLED | |
| Uncontrolled term | Environmental Justice Foundation |
| 942 ## - ADDED ENTRY ELEMENTS (KOHA) | |
| Source of classification or shelving scheme | Dewey Decimal Classification |
| Koha item type | Periodicals |
| Suppress in OPAC | No |
| Withdrawn status | Lost status | Source of classification or shelving scheme | Damaged status | Not for loan | Home library | Current library | Shelving location | Date acquired | Total checkouts | Full call number | Date last seen | Copy number | Price effective from | Koha item type |
|---|---|---|---|---|---|---|---|---|---|---|---|---|---|---|
| Dewey Decimal Classification | Main Library | Main Library | Open Shelves | 15/01/2026 | Acc No.105 | 15/01/2026 | C1 | 15/01/2026 | Periodicals | |||||
| Dewey Decimal Classification | Main Library | Main Library | Open Shelves | 15/01/2026 | Acc No.106 | 15/01/2026 | C2 | 15/01/2026 | Periodicals | |||||
| Dewey Decimal Classification | Main Library | Main Library | Open Shelves | 15/01/2026 | Acc No.107 | 15/01/2026 | C3 | 15/01/2026 | Periodicals |